000 00656nam a22001937a 4500
003 NUST-PNEC
005 20170116180728.0
008 141108b xxu||||| |||| 00| 0 eng d
020 _a0333973690
040 _cPNEC
082 _a004.21 SKI
245 _aIntroducing systems development
_cSteve Skidmore; Malcolm Eva
260 _aBasingstoke : Palgrave Macmillan, 2004.
300 _axii, 335 p. ; 25 cm.
500 _aIncludes index.
650 _xMIS, Computer
856 _uhttp://www.amazon.com/Introducing-Systems-Development-Steve-Skidmore/dp/0333973690/ref=sr_1_1?s=books&ie=UTF8&qid=1415452788&sr=1-1&keywords=0333973690
942 _2ddc
_cBK
999 _c61687
_d61687